MARC details
| 000 -LEADER |
| campo de control de longitud fija |
02101nam a2200397 i 4500 |
| 001 - NÚMERO DE CONTROL |
| campo de control |
198290 |
| 003 - IDENTIFICADOR DE NÚMERO DE CONTROL |
| campo de control |
ES-MaACL |
| 005 - FECHA Y HORA DE LA ÚLTIMA TRANSACCIÓN |
| campo de control |
20260511174844.0 |
| 007 - CAMPO FIJO DE DESCRIPCIÓN FÍSICA--INFORMACIÓN GENERAL |
| campo de control de longitud fija |
ta |
| 008 - DATOS DE LONGITUD FIJA--INFORMACIÓN GENERAL |
| campo de control de longitud fija |
260511s2026 sp ||||| ||||o000 1 spa d |
| 017 ## - NÚMERO DE COPYRIGHT O DE DEPÓSITO LEGAL |
| Número de copyright o de depósito legal |
S 147-2026 |
| Agencia que asigna |
Oficina Depósito Legal Salamanca |
| 020 ## - NÚMERO INTERNACIONAL ESTÁNDAR DEL LIBRO |
| Número Internacional Estándar del Libro |
978-84-1091-229-8 |
| 040 ## - FUENTE DE CATALOGACIÓN |
| Centro catalogador/agencia de origen |
ES-MaACL |
| Lengua de catalogación |
spa |
| Centro/agencia transcriptor |
ES-MaACL |
| Normas de descripción |
rda |
| 080 ## - NÚMERO DE LA CLASIFICACIÓN DECIMAL UNIVERSAL |
| Número de la Clasificación Decimal Universal |
821.134.2"18"-32 |
| 100 1# - ENTRADA PRINCIPAL--NOMBRE DE PERSONA |
| Nombre de persona |
Unamuno, Miguel de, |
| Fechas asociadas al nombre |
1864-1936 |
| Relación |
aut |
| 9 (RLIN) |
236310 |
| Término indicativo de función/relación |
Autor |
| 245 10 - MENCIÓN DEL TÍTULO |
| Título |
Mecanópolis / |
| Mención de responsabilidad, etc. |
Miguel de Unamuno |
| 250 ## - MENCION DE EDICION |
| Mención de edición |
1ª edición, mayo 2026 |
| 264 #1 - PRODUCCIÓN, PUBLICACIÓN, DISTRIBUCIÓN, FABRICACIÓN Y COPYRIGHT |
| Producción, publicación, distribución, fabricación y copyright |
Salamanca : |
| Nombre del de productor, editor, distribuidor, fabricante |
Ediciones Universidad de Salamanca, |
| Fecha de producción, publicación, distribución, fabricación o copyright |
2026 |
| 300 ## - DESCRIPCIÓN FÍSICA |
| Extensión |
14 páginas ; |
| Dimensiones |
22 cm + |
| Material acompañante/anejo |
2 facsímiles |
| 336 ## - TIPO DE CONTENIDO |
| Fuente |
rdacontent |
| Término de tipo de contenido |
Texto |
| 337 ## - TIPO DE MEDIO |
| Fuente |
rdamedia |
| Nombre/término del tipo de medio |
sin mediación |
| 338 ## - TIPO DE SOPORTE |
| Fuente |
rdacarrier |
| Nombre/término del tipo de soporte |
volumen |
| 490 0# - MENCIÓN DE SERIE |
| Mención de serie |
Serie Conmemorativa ; |
| Designación de volumen o secuencia |
22 |
| 500 ## - NOTA GENERAL |
| Nota general |
Registro provisional |
| 500 ## - NOTA GENERAL |
| Nota general |
Autora de los textos, Marta García Gasco, en el interior del folleto |
| 500 ## - NOTA GENERAL |
| Nota general |
"Agradecemos a la Biblioteca del Ateneo de Madrid [y en particular a Óscar Chaves Amieva] la generosidad mostrada en la cesión de la copia del diario que reproducimos"--Verso de contraportada |
| 500 ## - NOTA GENERAL |
| Nota general |
El material anejo consiste en una reproducción facsímil del artículo original de Los lunes de El Imparcial, de 11 de agosto de 1913 y una reproducción facsímil de una carta de H.G. Wells dirigida a Miguel de Unamuno, de 24 de febrero de 1936 |
| 500 ## - NOTA GENERAL |
| Nota general |
Guardado en carpeta de cartón de 25 cm, decorado con papel marmoleado y lomo de tela roja, con solapas interiores y título en la cubierta: “Mecanópolis, Miguel de Unamuno, 1913” |
| 500 ## - NOTA GENERAL |
| Nota general |
Edición publicada con motivo de la exposición "Que inventen ellos. Miguel de Unamuno y la ciencia", del 25 de marzo de 2026, en las Escuelas Mayores del Estudio salmantino |
| 655 #4 - TERMINO DE INDIZACIÓN--GENERO/FORMA |
| Datos o término principal de género/forma |
Cuentos de ciencia ficción |
| 9 (RLIN) |
243061 |
| 700 1# - ENTRADA AGREGADA--NOMBRE PERSONAL |
| Nombre de persona |
García Gasco, Marta |
| Relación |
aut |
| 9 (RLIN) |
233995 |
| Término indicativo de función/relación |
Autor |
| 852 ## - LOCALIZACIÓN |
| Ubicación |
ES-MaACL |
| Ubicación en estantería |
Despachos-biblioteca |
| Número de control de estantería |
DB-164 |
| Donativo/Legado |
Donación: Jacobo Sanz Hermida |
| Encuadernación |
Encuadernación cartoné |
| 942 ## - ELEMENTOS DE ENTRADA SECUNDARIOS (KOHA) |
| Tipo de ítem Koha |
Libro impreso |
| Suprimir en OPAC |
No |